000 01011cad a22002415a 4500
001 E148532
008 090930s2009 xxkd f s 000 0 eng d
035 _a(Sirsi) u148532
041 0 _aeng
050 0 4 _a333.33 $2 18
110 2 _aColliers CRE
_95075
245 0 0 _aProperty snapshot
_bSeptember 2009
_h[electronic resource]
260 _aLondon
_bColliers
_c2009
490 0 _aProperty Snapshot
_vSeptember 2009
520 _aReports that the value of investment transactions rose slightly from £1.2bn in July to £1.5bn in August, and that the number of transactions increased from 54 to 72 per month. Suggests that the market is still constrained by the lack of available product.
521 _aAdvanced
590 _aKA
650 2 4 _aCOLLIERS PROPERTY SNAPSHOT
651 4 _aUnited Kingdom
_y
690 _aPROPERTY-COMMERCIAL PROPERTY-COMMERCIAL PROPERTY MARKET
856 4 0 _uhttps://www.colliers.com/
_zView this report free of charge under market reports at www.colliers.com...
942 _n0
999 _c110088
_d110088